| 000 | 00836nam a22002777a 4500 | ||
|---|---|---|---|
| 003 | CBULib | ||
| 005 | 20240923081244.0 | ||
| 008 | 230511b |||||||| |||| 00| 0 eng d | ||
| 020 | _a9780198819899 | ||
| 040 |
_aCBULib _cCBULib _bEnglish _erda |
||
| 041 | _aeng | ||
| 050 | _aKJ 605 Fos | ||
| 100 | 1 |
_aFoster, Steve, _9494 _d1955- |
|
| 245 |
_aHuman rights & civil liberties _c/ by Dr. Steve Foster |
||
| 250 | _aSecond edition | ||
| 260 |
_aOxford : _bOxford University Press, _c2018 |
||
| 300 | _axix, 243 pages : illustrations | ||
| 336 |
_2rdacontent _aText | _btxt |
||
| 337 |
_2rdamedia _aUnmediated | _bn |
||
| 338 |
_2rdacarrier _aVolume _bnc |
||
| 490 | _a Concentrate questions & answers | ||
| 504 | _aIncludes index. | ||
| 650 | 0 |
_aCIVIL RIGHTS--GREAT BRITAIN _9495 |
|
| 650 | 0 |
_aHUMAN RIGHTS _9477 |
|
| 942 |
_c002 _2lcc |
||
| 999 |
_c78312 _d78312 |
||